| 000 | 00713cam a22002533a 4500 | ||
|---|---|---|---|
| 001 | 18629 | ||
| 003 | PGUSA | ||
| 005 | 20140828083409.0 | ||
| 008 | 060619s2006||||xxu|||||s|||||000 | eng d | ||
| 040 |
_aPGUSA _beng |
||
| 042 | _adc | ||
| 050 | 4 | _aQH | |
| 100 | 1 |
_aJefferies, Richard, _d1848-1887 |
|
| 245 | 1 | 0 |
_aNature Near London _h[electronic resource] / _cRichard Jefferies |
| 260 |
_bProject Gutenberg, _c2006 |
||
| 506 | _aPublic domain in the USA. | ||
| 516 | _aElectronic text | ||
| 653 | _aNature study | ||
| 653 | _aNatural history -- Outdoor books | ||
| 653 | _aCountry life -- England | ||
| 830 | 0 |
_aProject Gutenberg _v18629 |
|
| 856 | 4 | 0 | _uhttp://www.gutenberg.org/ebooks/18629 |
| 942 | _cEB | ||
| 999 |
_c247884 _d247884 |
||